<?xml version="1.0" encoding="UTF-8"?>
<record
    xmlns:xsi="http://www.w3.org/2001/XMLSchema-instance"
    xsi:schemaLocation="http://www.loc.gov/MARC21/slim http://www.loc.gov/standards/marcxml/schema/MARC21slim.xsd"
    xmlns="http://www.loc.gov/MARC21/slim">

  <leader>00771nam2a2200217   4500</leader>
  <controlfield tag="001">RU\NLR\BIBL_A\022200333</controlfield>
  <controlfield tag="005">20250625155515.0</controlfield>
  <datafield tag="035" ind1=" " ind2=" ">
    <subfield code="a">(NLR Aleph) 022200333</subfield>
  </datafield>
  <datafield tag="090" ind1=" " ind2=" ">
    <subfield code="a">13041561</subfield>
    <subfield code="c">13041561</subfield>
  </datafield>
  <datafield tag="100" ind1=" " ind2=" ">
    <subfield code="a">20240417d1933    |||y0rusy50      ca</subfield>
  </datafield>
  <datafield tag="101" ind1="0" ind2=" ">
    <subfield code="a">eng</subfield>
  </datafield>
  <datafield tag="102" ind1=" " ind2=" ">
    <subfield code="a">RU</subfield>
  </datafield>
  <datafield tag="200" ind1="0" ind2=" ">
    <subfield code="a">&#x2116;6</subfield>
  </datafield>
  <datafield tag="210" ind1=" " ind2=" ">
    <subfield code="d">1933</subfield>
    <subfield code="a">&#x411;. &#x43C;.</subfield>
  </datafield>
  <datafield tag="461" ind1=" " ind2="0">
    <subfield code="1">001RU\NLR\INFOCOMM_39\5000067597</subfield>
    <subfield code="1">2001#$aSoviet culture review$ePubl. by the Soviet Union society for cultural relations with for reign countries (Voks)$v&#x2116;6</subfield>
    <subfield code="9">3232213</subfield>
    <subfield code="c">Moscow</subfield>
    <subfield code="d">1933-1934</subfield>
    <subfield code="o">Publ. by the Soviet Union society for cultural relations with for reign countries (Voks)</subfield>
    <subfield code="t">Soviet culture review</subfield>
    <subfield code="v">&#x2116;6</subfield>
  </datafield>
  <datafield tag="852" ind1=" " ind2=" ">
    <subfield code="a">NLR</subfield>
    <subfield code="j">&#x41A;&#x440;II-1662</subfield>
  </datafield>
  <datafield tag="942" ind1=" " ind2=" ">
    <subfield code="c">ISSUE</subfield>
  </datafield>
  <datafield tag="980" ind1=" " ind2=" ">
    <subfield code="a">NB</subfield>
  </datafield>
  <datafield tag="980" ind1=" " ind2=" ">
    <subfield code="a">INPER</subfield>
  </datafield>
  <datafield tag="980" ind1="1" ind2=" ">
    <subfield code="a">KRCH</subfield>
  </datafield>
  <datafield tag="995" ind1=" " ind2=" ">
    <subfield code="5">2024-04-17</subfield>
    <subfield code="b">NLR01</subfield>
    <subfield code="c">NLR01</subfield>
    <subfield code="e">OLS01</subfield>
    <subfield code="f">ERR-318524</subfield>
    <subfield code="k">&#x41A;&#x440;II-1662</subfield>
    <subfield code="o">0</subfield>
    <subfield code="r">ISSUE</subfield>
    <subfield code="s">II1662_</subfield>
    <subfield code="v">1933, </subfield>
  </datafield>
</record>
